| 000 | 01372nam a2200289 a 4500 | ||
|---|---|---|---|
| 001 | 000002062 | ||
| 005 | 20250701135406.0 | ||
| 008 | 090630s2001 dr ad 000 0 spa d | ||
| 040 |
_aDO-SdBNP _bspa _cBNPHU |
||
| 082 |
_a658.401 _bM433e, 2001 |
||
| 100 | 1 |
_aMatos Matos, Milcíades Ml. _96639 |
|
| 245 | 1 | 0 |
_aEstudios de factibilidad : _bcomo preparar y evaluar proyectos de desarrollo económico / _cMilcíades Ml. Matos Matos. |
| 246 | 1 | 4 | _aComo preparar y evaluar estudios de factibilidad |
| 250 | _a7a ed. amp y renovada | ||
| 260 |
_aSanto Domingo : _b[s.n.], _c2001 _fAmigo del Hogar |
||
| 300 |
_a303 p. : _bil., diagrs. ; _c23 cm. |
||
| 500 | _aIncluye índice | ||
| 504 | _aIncluye referencias bibliográficas y notas al pie de las páginas | ||
| 505 | 2 | _aAspectos generales -- La empresa y/o el proyecto -- Análisis del mercado interno y del mercado externo -- Aspectos tecnológicos -- Aspecto económico-financiero: determinación de ingresos, costos y gastos -- Evaluación general -- Anexo -- Caso práctico. | |
| 590 | _aInventariado, 2018/ YL | ||
| 650 | 4 |
_aEstudios de factibilidad _96640 |
|
| 650 | 4 |
_aPlanificación económica _96641 |
|
| 650 | 4 |
_aEvaluación de proyectos _xAspectos económicos _96642 |
|
| 650 | 0 |
_aProyectos de desarrollo económico _96643 |
|
| 650 | 0 |
_aMercadotecnia _96644 |
|
| 910 | _aValidado. Control de calidad MMOLINA | ||
| 999 |
_c1926 _d1926 |
||